¿Qué es un orientador familiar?

Enregistré dans:
Détails bibliographiques
Auteur principal: Otero, Oliveros F. (autor)
Format: Livre
Langue:espagnol
Publié: Madrid, España Universidad de Navarra , 1976, c1976
Collection:[ICE Orientación Familiar]
Sujets:
Tags: Ajouter un tag
Pas de tags, Soyez le premier à ajouter un tag!

MARC

LEADER 00000nam^a2200000^a^4500
001 000319885
005 20250521000000.0
009 20260310113455.507
020 |a 84-313-0059-0 
037 |a Acervo ITESO - Biblioteca 
041 |a ESP 
082 |a 158. 3  |b OTE 
100 |a Otero, Oliveros F.  |e (autor) 
245 1 0 |a ¿Qué es un orientador familiar? 
264 4 |a Madrid, España  |b Universidad de Navarra ,  |c 1976, c1976 
300 |a 201 p. 
336 |a texto  |b txt  |2 rdacontenido 
337 |a sin mediación  |b n  |2 rdamedio 
338 |a volumen  |b nc  |2 rdasoporte 
440 1 |a [ICE Orientación Familiar] 
649 |a XX 
650 |a Orientación y Consejería -  |x Tema Principal 
650 |a Psicología -  |x Prácticas Profesionales 
650 |a Psicología Educativa 
650 |a Relaciones Familiares 
650 |a Educación Familiar 
650 |a Educación 
650 |a Psicología 
910 |a Fondo General 
920 |a Impresos - Libros 
930 |a Colección General 
905 |a 101 
901 |a 0500207295  |b IT1  |c ACC  |i D535479  |u 20250521 
902 |a https://opac.biblio.iteso.mx/vufind/Record/000319885